000 00268nam a22001097a 4500
999 _c163398
_d163398
082 _a
_b
100 _aSuppard S J M
245 _aStudies and essays in english literature/
_cby Suppard S J M.
260 _aNew Delhi:
_bDiscovery,
_c1993.
650 _a
942 _cBK